000 00754nam a2200193Ia 4500
008 151121s9999||||xx |||||||||||||| ||und||
082 _a613।1 / सालवी
082 _bHNW-77524
100 _aसालवी दिलीप एम।
245 _a1000 पर्यावरण प्रश्नोत्तरी
260 _b"सत्साहित्य प्रकाशन, दिल्ली"
260 _c--
300 _a191
600 _aसालवी दिलीप एम।
630 _a1000 पर्यावरण प्रश्नोत्तरी
700 _aसालवी दिलीप एम।
730 _a1000 पर्यावरण प्रश्नोत्तरी
942 _cBOOK
999 _c1258942
_d1258939